| 000 | 00638nam a22001937a 4500 | ||
|---|---|---|---|
| 003 | OSt | ||
| 005 | 20251105020403.0 | ||
| 008 | 251105b |||||||| |||| 00| 0 eng d | ||
| 020 | _a 978-0-07-128448-6 | ||
| 040 |
_aDWCL-Admin lib _cOC |
||
| 082 | _aCirc. 363.7 C973p 2009 | ||
| 100 | _aCunningham, William P. | ||
| 245 |
_aPrinciples of environment science : inquiry and applications / _cWilliam P. Cunningham |
||
| 260 |
_aBoston : _bMcGraw-Hill, _cc2009. |
||
| 300 |
_axxiii, 408 p. : col. ill. ; _c28 cm. |
||
| 504 | _aIncludes index. | ||
| 650 | _a1. Environmental sciences- Textbooks. | ||
| 942 |
_2ddc _cBK-CIRC _e5th ed. _kCirc. _n0 |
||
| 999 |
_c5462 _d5462 |
||